000 00600nam a2200229Ia 4500
003 OSt
005 20221006164643.0
006 a|||||r|||| 00| 0
007 ta
008 221006b |||||||| |||| 00| 0 eng d
024 _a7,003
037 _cTextual
040 _aFML
_cFML
_beng
041 _2eng
_aeng
082 _aNR5' 18, K0
100 _aBerkowitz Sol Au.
_9678014
245 0 _aNew Approach To Sight Singing
260 _aNew York
_bNorton U.S.A.
_c1960
300 _a330
_ccm.
942 _hNR5' 18, K0
_cTEXL
_2CC
999 _c1118003
_d1118003